000 01511nam a2200337 4500
003 EC-UNACH
005 20260318165257.0
006 s||||gr|||| 00| 00
008 150116t9999 mx r gr 000 0 spa d
020 _a9978-961-05-4
040 _aEC-UNACH
_cEC-UNACH
041 _aspa
082 0 4 _223
_a900
_bL018646
100 _aBustamente, Fernando
245 _aDemocracia y Fuerzas Armadas en Sudamérica.
250 _aPrimera Edición
264 _aQuito, Ecuador.
_bCoorporación de Estudios para el Desarrollo
_c1988
300 _a379 páginas.
_b14 x 21 cm
501 _aIncluye: Contenido, Presentación, Conclusiones.
505 _aDemocracia y Fuerzas Armadas en el Argentina -- Autonomía Militar y construcción del poder -- Democracia y Fuerzas Armadas en Chile -- Fuerzas Armadas en Ecuador: ¿Puede Institucionalizarse la subordinación al poder civil? -- Democracia y Fuerzas Armadas en Perú -- Las relaciones político-militares en Venezuela -- Hacia un modelo de democrático en las relaciones civiles-militares para América Latina -- El papel de la cooperación intermilitar en el diseño de una política de reinserción democrática de las Fuerzas Armadas en América Latina.
650 _aFUERZAS ARAMADAS
650 _aARGENTINA
650 _aECUADOR
650 _aPERÚ
650 _aVENEZUELA
650 _aCHILE
942 _2ddc
_c1
999 _c14443